000 00579nam a2200193Ia 4500
001 14957
003 GE_BSU
008 181216s||||||||xx |||||||||||||| ||und||
040 _cGE_BSU
080 _a514(072)
100 _aБолтянский,В.Г. Волович,М.Б. Семушкин,А.Д.
245 _aВекторное изложение геометрии
260 _aМосква
260 _bПросвещение.
260 _c1982
300 _a143стр.илл.20см.
653 _aВекторное изложение геометрии
942 _cBK
999 _c48077
_d48077